000 00605nam a2200217Ii 4500
003 JO-AjNU
008 230606s9999||||xx |||||||||||||| ||und||
020 _a0-13-010281-4
040 _aJO-AjNU
_beng
_erda
_cJO-AjNU
041 _aeng
050 1 4 _aHF5635.B41517 1988
100 3 _aBEAMS,FLOYD A,
_eauthor
_96799
245 0 0 _aADVANCED ACCOUNTING
250 _a4rd ed
264 3 1 _aLondon:prentice Hall International,1988
300 _a968p
336 _atext
_btxt
_2rdacontent
337 _aunmediated
_bn
_2rdamedia
338 _avolume
_bnc
_2rdacarrier
650 4 _aADVANCED ACCOUNTING
_96800
999 _aE3542
_c3524
_d3524